Movies Quiz

Random Movies or World Quiz

Movie Protagonists by Worldview Quiz Stats

 Plays Quiz Updated Mar 6, 2012

Challenge
Share
Tweet
Embed
Score 0/26 Timer 07:00
0 Plays Today
Worldview Character % Correct
'Life is like a box of chocolates.'Forrest Gump
97.3%
'There's no place like home.'Dorothy Gale
76.7%
'Hakuna Matata'Timon & Pumbaa
68.2%
'Criminals aren't complicated, Alfred. You just have to figure out what they're after.'Bruce Wayne
55.6%
'Do or do not. There is no try.'Yoda
54.3%
'In every job that must be done, there is an element of fun.'Mary Poppins
42.7%
'It don't really matter if I lost the fight, 'cause all I want to do is go the distance.'Rocky Balboa
42.4%
'Nazis: I hate these guys.'Indiana Jones
37.6%
'Hokey religions and ancient weapons are no match for a good blaster at your side.'Han Solo
35.8%
'Man who catch fly with chopsticks accomplish anything.'Mr. Miyagi
35.5%
'Greed is right, greed works. Greed, in all of its forms has marked the upward surge of mankind.'Gordon Gekko
35.1%
Woof! Woof woof!Lassie
30.5%
'There must be more than this provincial life.'Belle
29.7%
Worldview Character % Correct
'After all, tomorrow is another day.'Scarlett O'Hara
27.6%
'There are many things my father taught me here in this room. He taught me, you keep your friends close but your enemies closer.'Michael Corleone
25.4%
'It's a wonderful life!'George Bailey
24.8%
'Beeeee Goooooood.'E.T.
23.6%
'Whoever you are, I have always depended on the kindness of strangers.'Blanche DuBois
17.9%
'You gotta make the money first. Then when you get the money, you get the power. Then when you get the power, you get the women.'Tony Montana
17%
'Many that live deserve death. Some that die deserve life. Do not be too eager to deal out death in judgment. Even the wise cannot see all ends.'Gandalf
16.1%
'Happiness can be found, even in the darkest of times, when one only remembers to turn on the light.'Albus Dumbledore
15.2%
'It doesn't take much to see that the problems of three little people don't amount to a hill of beans in this crazy world.'Rick Blaine
15%
'When an adult male is chasing a female with the intent to commit rape, I shoot the &%^#. That's my policy.'Harry Callahan
13.8%
'You never really understand a person until you consider things from his point of view- until you climb inside of his skin and walk around in it.'Atticus Finch
10.5%
'When the Lord closes a door, somewhere He opens a window.'Maria von Trapp
8.1%
'Power is when we have every justification to kill, and we don't.'Oskar Schindler
6.3%

You're not logged in!

Compare scores with friends on all Sporcle quizzes.
Join for Free
OR
Log In

You Might Also Like...

Show Comments

Extras

Top Quizzes Today


Score Distribution

Your Account Isn't Verified!

In order to create a playlist on Sporcle, you need to verify the email address you used during registration. Go to your Sporcle Settings to finish the process.

Report this User

Report this user for behavior that violates our Community Guidelines.

Details: